000 00489nam a2200193Ia 4500
005 20250923150206.0
008 008 250917s9999 xx 000 0 eng d
037 _aTextual
040 _aDSWL
_beng
_cDSWL
041 _aeng
_2eng
084 _qDSWL
245 0 _aCaste and question
_cEd.by Dipankar Gupta
260 _aNew Delhi
_b Sage Publications
_c2004
300 _a255p.
365 _aINR
_b550 . 0
925 _g550 . 0
942 _cTEXL
999 _c1460624
_d1460624